Statistiken für Schnelle Mathematik - Zahlen Level 04

Klicken Sie hier um das Quiz zu spielen!

Allgemein

  • Dieses Quiz wurde 152 mal gespielt
  • Das Durchschnittsergebnis liegt bei 19 aus 20

Antwortstatistiken

Nummer% Korrekt
1
100%
2
100%
3
99%
4
99%
5
99%
6
99%
7
99%
8
99%
9
99%
10
97%
11
97%
12
96%
13
96%
14
96%
15
96%
16
96%
17
93%
18
92%
19
91%
20
85%

Verteilung der Resultate

Perzentil nach korrekt beantworteten Fragen

Anzahl Personen mit jedem Resultat

Ihre Resultats-Entwicklung

Sie haben dieses Quiz noch nicht gespielt